Disney Movies if it was Youtube Clickbait - Statistics

General Stats
  • This quiz has been taken 122 times
  • The average score is 10 of 15
Answer Stats
Hint Answer % Correct
I found a genie!!! You'll never guess what happens next Aladdin
97%
I get bullied for my massive ears(Sad) Dumbo
92%
I go undercover in the military!!#gender equality Mulan
91%
Infinitely growing wood? crazy puppet Pinocchio
90%
I exile myself then almost kill my sister!!! Frozen
78%
I gave up my tail so I could be with a guy!!! Little Mermaid
77%
My stepsister cut off part of her foot!!(CRAZY) Cinderella
71%
This lady has horrid memory and we try to find someone!! Finding Nemo
64%
I travel with a boat to hurt mother earth Moana
64%
I got poisoned as a baby but now am super strong!!! Hercules
63%
Going on an adventure with an alien?(Crazy!!!) Lilo & Stitch
50%
My jealous stepmother gave me an apple (Gone Wrong) Snow White and the seven dwarves
48%
My memories are disappearing? Inside Out
31%
Horrible Crash!!!(Someone almost died) Cars
28%
We found this kid and don't know what to do!!! Monsters Inc
14%
No matching quizzes found
Score Distribution
Percent of People with Each Score
Percentile by Number Answered
Your Score History
You have not taken this quiz